Guess the 1960s song lyrics #234 - Statistics

General Stats
  • This quiz has been taken 15 times
  • The average score is 210 of 348
Answer Stats
Answer % Correct
a
100%
an
100%
I
100%
to
93%
you
93%
and
86%
And
86%
at
86%
If
86%
it
86%
It
86%
me
86%
on
86%
the
86%
The
86%
be
79%
big
79%
could
79%
her
79%
love
79%
was
79%
When
79%
with
79%
But
71%
how
71%
in
71%
In
71%
is
71%
it's
71%
just
71%
only
71%
See
71%
see
71%
she
71%
She
71%
So
71%
so
71%
that
71%
That
71%
tree
71%
what
71%
all
64%
bein
64%
day
64%
good
64%
grown
64%
my
64%
not
64%
of
64%
there
64%
too
64%
Where
64%
away
57%
came
57%
Came
57%
I'd
57%
long
57%
sad
57%
first
50%
got
50%
have
50%
heart
50%
home
50%
honey
50%
Honey
50%
I'm
50%
know
50%
mad
50%
Now
50%
One
50%
out
50%
Then
50%
went
50%
alone
43%
always
43%
been
43%
car
43%
cryin
43%
herself
43%
loved
43%
miss
43%
planted
43%
saw
43%
say
43%
sing
43%
twig
43%
wasn't
43%
would
43%
ago
36%
Bobby Goldsboro
36%
Christmas
36%
early
36%
Eve
36%
friend
36%
from
36%
hard
36%
hasn't
36%
heck
36%
laughed
36%
memories
36%
snow
36%
some
36%
spring
36%
till
36%
almost
29%
angels
29%
bed
29%
bloom
29%
cried
29%
down
29%
dumb
29%
empty
29%
flower
29%
flowers
29%
hugged
29%
hurt
29%
Kinda
29%
kinda
29%
late
29%
lived
29%
middle
29%
neck
29%
needlessly
29%
Over
29%
played
29%
robins
29%
Slipped
29%
smart
29%
stage
29%
Though
29%
through
29%
two
29%
unexpectedly
29%
up
29%
afraid
21%
brush
21%
call
21%
caught
21%
die
21%
excited
21%
grew
21%
life's
21%
name
21%
nights
21%
pretended
21%
ran
21%
she'd
21%
show
21%
small
21%
sure
21%
wake
21%
while
21%
While
21%
wouldn't
21%
wrecked
21%
years
21%
young
21%
Cause
14%
cloud
14%
cries
14%
embarrass
14%
Guess
14%
Kept
14%
overhead
14%
passes
14%
puppy
14%
runnin
14%
silly
14%
sittin
14%
surprised
14%
workin
14%
No matching quizzes found
Score Distribution
Percent of People with Each Score
Percentile by Number Answered
Your Score History
You have not taken this quiz